| 000 | 00460nam a22001817a 4500 | ||
|---|---|---|---|
| 999 |
_c7971 _d7969 |
||
| 005 | 20220219164423.0 | ||
| 008 | 220219b ||||| |||| 00| 0 eng d | ||
| 020 | _a978-93-89211-788 | ||
| 041 | _aeng | ||
| 082 | _a628.2 | ||
| 100 |
_aBHARUCHA, ERACH _97215 |
||
| 245 | _aTEXTBOOK OF ENVIRONMENTAL STUDIES FOR UNDERGRADUATE COURSES | ||
| 250 | _a3RD, ED. | ||
| 260 |
_aUNIVERSITIES PRESS _c2021 |
||
| 300 | _a266;p | ||
| 650 |
_aMINING _97216 |
||
| 942 | _cBK | ||